Investissement: l'enjeu du redéploiement industriel.

Francúzske a nemecké investície zaostávajú za USA a Japonskom najmä v spracovateľskom priemysle. Medzinárodné porovnanie investícií. Francúzsky priemysel má mieru investícií podobnú nemeckej, ale dosahuje obmedzené zisky z produktivity. Investície spracovateľského priemyslu oboch krajín sú podobné,...

Descripción completa

Guardado en:
Detalles Bibliográficos
Autor principal: Magnier, A.
Otros Autores: Zaidman, C.
Formato: Capítulo de libro
Lenguaje:francés
Materias:
Etiquetas: Agregar Etiqueta
Sin Etiquetas, Sea el primero en etiquetar este registro!

MARC

LEADER 00000naa a2200000 4500
001 r007472
005 20221125091504.6
041 0 |a fre 
044 |a FR 
245 1 0 |a Investissement: l'enjeu du redéploiement industriel.  |c A. Magnier, C. Zaidman 
520 |a Francúzske a nemecké investície zaostávajú za USA a Japonskom najmä v spracovateľskom priemysle. Medzinárodné porovnanie investícií. Francúzsky priemysel má mieru investícií podobnú nemeckej, ale dosahuje obmedzené zisky z produktivity. Investície spracovateľského priemyslu oboch krajín sú podobné, ale odlišujú sa podľa sektorov. 
610 2 0 |a investície 
610 2 0 |a Francúzsko 
610 2 0 |a Nemecko 
610 2 0 |a priemysel spracovateľský 
610 2 0 |a porovnanie štatistické medzinárodné 
610 2 0 |a zisk 
610 2 0 |a produktivita práce 
610 2 0 |a priemysel 
100 1 |a Magnier, A. 
700 1 |a Zaidman, C.